Score 0/11 Timer 01:00
3 Plays Today
Clue 4-Letter Word % Correct
A place for chickensCOOP/CO-OP
88.8%
One who works in the kitchenCOOK/LOOP
86.9%
Donald or DaffyDUCK
86%
A tress of hairLOCK
85.8%
Where to park a boatDOCK/LUCK
84.9%
A bivalveCLAM/SLAP
82.4%
Draw the hammer back on a rifleCOCK/LOOK
81%
Smack two erasers together to cleanCLAP
80.5%
Footfall of a shoeCLOP
73.9%
Submerge an object under waterDUNK
70.8%
Winning all the tricks in bridgeSLAM
65.7%

Today's Daily Dose

Remove Ads.
Support Sporcle.
Get the best of Sporcle when you Go Orange. This ad-free experience offers more features, more stats, and more fun while also helping to support Sporcle. Thank you for becoming a member.

You're not logged in!

Compare scores with friends on all Sporcle quizzes.
OR
Log In

Show Comments

Extras

Top Quizzes Today


Score Distribution

Your Account Isn't Verified!

In order to create a playlist on Sporcle, you need to verify the email address you used during registration. Go to your Sporcle Settings to finish the process.

Report this User

Report this user for behavior that violates our Community Guidelines.

Details: